Score 0/19 Timer 02:00
3 Plays Today
-LLOW word % Correct
FOLLOW
74.6%
MELLOW
67.8%
BELLOW
66.8%
ALLOW
63.7%
WALLOW
61.6%
FELLOW
61.5%
YELLOW
61.2%
MALLOW
61%
PILLOW
59.7%
HALLOW
58.7%
-LLOW word % Correct
FALLOW
57.8%
HOLLOW
54.8%
CALLOW
52.2%
TALLOW
50.1%
SWALLOW
50.1%
SHALLOW
45.6%
SALLOW
45.1%
WILLOW
45%
BILLOW
30.1%
Remove Ads.
Support Sporcle.
Get the best of Sporcle when you Go Orange. This ad-free experience offers more features, more stats, and more fun while also helping to support Sporcle. Thank you for becoming a member.

You're not logged in!

Compare scores with friends on all Sporcle quizzes.
OR
Log In

Sporcle TV

Today on Sporcle TV


Watch our educational content, quiz creation guides, and fun videos on Sporcle TV.

Show Comments

Extras

Top Quizzes Today


Score Distribution

Paid Content

Your Account Isn't Verified!

In order to create a playlist on Sporcle, you need to verify the email address you used during registration. Go to your Sporcle Settings to finish the process.

Report this User

Report this user for behavior that violates our Community Guidelines.

Details: